Pokémon que empiezan por la letra N - Estadísticas

Estadísticas generales
  • Esta prueba ha sido intentada 19 veces
    18 desde el último reinicio
  • La puntuación promedio es 16 de 22
Estadísticas de respuestas
Gen. Tipo Nombre % Correcto
I Veneno/Tierra Nidoking
92%
I Veneno/Tierra Nidoqueen
92%
I Veneno Nidoran
92%
I Veneno Nidorina
92%
I Veneno Nidorino
92%
I Fuego Ninetales
92%
II Psíquico/Volador Natu
83%
II Normal/Volador Noctowl
83%
III Fuego/Tierra Numel
83%
III Bicho/Tierra Nincada
75%
III Bicho/Volador Ninjask
75%
VI Volador/Dragon Noivern
75%
III Planta/Siniestro Nuzleaf
75%
VII Veneno/Dragon Naganadel
67%
VII Roca/Veneno Nihilego
67%
VI Volador/Dragon Noibat
67%
IX Roca Nacli
58%
IX Roca Naclstack
58%
III Roca Nosepass
58%
IX Bicho Nymble
58%
VII Psíquico Necrozma
50%
VIII Siniestro Nickit
50%
No se encontraron pruebas coincidentes
Distribución de puntuación
Porcentaje de gente con cada puntuación
Porcentaje por número respondido
Historial de tus puntuaciones
No has intentado esta prueba desde el último reinicio